Agrippina, (Record no. 24054)

MARC details
000 -LEADER
fixed length control field 00802cam a22002531 4500
001 - CONTROL NUMBER
control field g 01002776
003 - CONTROL NUMBER IDENTIFIER
control field DLC
005 - DATE AND TIME OF LATEST TRANSACTION
control field 20260227111259.0
008 - FIXED-LENGTH DATA ELEMENTS--GENERAL INFORMATION
fixed length control field 831213s1880 gw 000 0 ger
010 ## - LIBRARY OF CONGRESS CONTROL NUMBER
LC control number g 01002776
035 ## - SYSTEM CONTROL NUMBER
System control number (OCoLC)10214087
040 ## - CATALOGING SOURCE
Original cataloging agency DLC
Transcribing agency OCU
Modifying agency OCU
-- DLC
042 ## - AUTHENTICATION CODE
Authentication code premarc
050 00 - LIBRARY OF CONGRESS CALL NUMBER
Classification number DG284
Item number .S8
100 1# - MAIN ENTRY--PERSONAL NAME
Personal name Stahr, Adolf Wilhelm Theodor,
Dates associated with a name 1805-1876.
245 10 - TITLE STATEMENT
Title Agrippina,
Remainder of title die Mutter Nero's.
Statement of responsibility, etc. Von Adolf Stahr.
250 ## - EDITION STATEMENT
Edition statement 2. Aufl.
260 ## - PUBLICATION, DISTRIBUTION, ETC.
Place of publication, distribution, etc. Berlin,
Name of publisher, distributor, etc. J. Guttentag,
Date of publication, distribution, etc. 1880.
300 ## - PHYSICAL DESCRIPTION
Extent viii, 408 p.
Dimensions 19 cm.
490 0# - SERIES STATEMENT
Series statement Bilder aus dem Alterthume.
Volume/sequential designation [4. Bd.]
600 00 - SUBJECT ADDED ENTRY--PERSONAL NAME
Personal name Agrippina,
Titles and other words associated with a name Minor,
Dates associated with a name 15-59.
600 00 - SUBJECT ADDED ENTRY--PERSONAL NAME
Personal name Nero,
Titles and other words associated with a name Emperor of Rome,
Dates associated with a name 37-68
General subdivision Family.
700 1# - ADDED ENTRY--PERSONAL NAME
Personal name Stahr, Adolf Wilhelm Theodor,
Dates associated with a name 1805-1876.
Title of a work Bilder aus dem Alterthume.
Number of part/section of a work Bd. 4.

No items available.

Powered by Koha